<?xml version="1.0" encoding="UTF-8"?>
<record
    xmlns:xsi="http://www.w3.org/2001/XMLSchema-instance"
    xsi:schemaLocation="http://www.loc.gov/MARC21/slim http://www.loc.gov/standards/marcxml/schema/MARC21slim.xsd"
    xmlns="http://www.loc.gov/MARC21/slim">

  <leader>01950cam a2200289 a 4500</leader>
  <controlfield tag="003">OSt</controlfield>
  <controlfield tag="005">20200921123853.0</controlfield>
  <controlfield tag="008">090611s2007    ck abd  r     000 0 spa d</controlfield>
  <datafield tag="020" ind1=" " ind2=" ">
    <subfield code="a">9789584422477</subfield>
  </datafield>
  <datafield tag="040" ind1=" " ind2=" ">
    <subfield code="a">CO-BoPUJ</subfield>
    <subfield code="c">CO-JMCR</subfield>
  </datafield>
  <datafield tag="041" ind1="0" ind2=" ">
    <subfield code="a">spa</subfield>
  </datafield>
  <datafield tag="082" ind1="0" ind2="4">
    <subfield code="a">333.75153 / </subfield>
    <subfield code="b">B533r</subfield>
    <subfield code="2">23</subfield>
  </datafield>
  <datafield tag="100" ind1="1" ind2=" ">
    <subfield code="a">Berr&#xED;o Moreno, Jorge, </subfield>
    <subfield code="e">autor</subfield>
    <subfield code="9">10569</subfield>
  </datafield>
  <datafield tag="245" ind1="1" ind2="3">
    <subfield code="a">La reforestaci&#xF3;n en Colombia</subfield>
    <subfield code="b">visi&#xF3;n de futuro</subfield>
    <subfield code="c">Jorge Berr&#xED;o Moreno, Alfondo Dav&#xED;la Ortiz, Victor Giraldo Toro ; pr&#xF3;logo Alejandra Ospitia Murcia,  [otros 5].</subfield>
  </datafield>
  <datafield tag="260" ind1=" " ind2=" ">
    <subfield code="a">Bogot&#xE1; : </subfield>
    <subfield code="b">Fedemaderas : </subfield>
    <subfield code="b">Fundaci&#xF3;n Konrad Adenauer, </subfield>
    <subfield code="c">2007.</subfield>
  </datafield>
  <datafield tag="300" ind1=" " ind2=" ">
    <subfield code="a">130 p&#xE1;ginas : </subfield>
    <subfield code="b">ilustraciones, cuadros y mapas ; </subfield>
    <subfield code="c">24 cm.</subfield>
  </datafield>
  <datafield tag="504" ind1=" " ind2=" ">
    <subfield code="a">Incluye referencias bibliogr&#xE1;ficas p&#xE1;ginas 130.</subfield>
  </datafield>
  <datafield tag="505" ind1="0" ind2=" ">
    <subfield code="t">Acerca de la historia y el estado actual de la reforestaci&#xF3;n comercial en Colombia. / </subfield>
    <subfield code="r">Jorge Berr&#xED;o Moreno. --</subfield>
    <subfield code="t">Una aventura forestal de medio siglo. / </subfield>
    <subfield code="r">Alfonso D&#xE1;vila Ortiz -- </subfield>
    <subfield code="t">Beneficios sociales de las plantaciones forestales y su potencial para aportar a la construcci&#xF3;n de la paz. / </subfield>
    <subfield code="r">Victor Giraldo Toro. --</subfield>
    <subfield code="t">El impacto ambiental de las plantaciones forestales. / </subfield>
    <subfield code="r">Ra&#xFA;l Jaime Hern&#xE1;ndez Restrepo. -- </subfield>
    <subfield code="t">&#xBF;Puede la humanidad proveerse de productos forestales con base solamente en sus plantaciones? / </subfield>
    <subfield code="r">Enrique Camacho Montamoros. -- </subfield>
    <subfield code="t">Financiamiento en el sector forestal. /  </subfield>
    <subfield code="r">Diego Lozano Cifuentes. -- </subfield>
    <subfield code="t">Incentivos forestales en Brasil y Chile. / </subfield>
    <subfield code="r">Octavio L&#xF3;pez G&#xF3;mez. --</subfield>
    <subfield code="t">Incentivos para la reforestaci&#xF3;n comercial en Colombia. / </subfield>
    <subfield code="r">Israel Acosta contreras. </subfield>
  </datafield>
  <datafield tag="650" ind1="1" ind2="4">
    <subfield code="a">Forestaci&#xF3;n</subfield>
    <subfield code="z">Colombia</subfield>
    <subfield code="9">10570</subfield>
  </datafield>
  <datafield tag="650" ind1="2" ind2="4">
    <subfield code="a">Explotaci&#xF3;n forestal</subfield>
    <subfield code="z">Colombia</subfield>
    <subfield code="9">10571</subfield>
  </datafield>
  <datafield tag="650" ind1="2" ind2="4">
    <subfield code="a">Conservaci&#xF3;n de bosques</subfield>
    <subfield code="z">Colombia</subfield>
    <subfield code="9">10572</subfield>
  </datafield>
  <datafield tag="700" ind1="1" ind2=" ">
    <subfield code="a">Davila Ortiz, Alfonso,</subfield>
    <subfield code="e">autor</subfield>
    <subfield code="9">10573</subfield>
  </datafield>
  <datafield tag="700" ind1="1" ind2=" ">
    <subfield code="a">Giraldo Toro, Victor, </subfield>
    <subfield code="e">autor</subfield>
    <subfield code="9">10574</subfield>
  </datafield>
  <datafield tag="700" ind1="1" ind2=" ">
    <subfield code="a">Ospitia Murcia, Alejandra</subfield>
    <subfield code="e">prologuista</subfield>
    <subfield code="9">10575</subfield>
  </datafield>
  <datafield tag="710" ind1="2" ind2=" ">
    <subfield code="a">Federaci&#xF3;n Nacional de Industriales de la Madera</subfield>
    <subfield code="9">10576</subfield>
  </datafield>
  <datafield tag="942" ind1=" " ind2=" ">
    <subfield code="2">ddc</subfield>
    <subfield code="c">BK</subfield>
  </datafield>
  <datafield tag="999" ind1=" " ind2=" ">
    <subfield code="c">6867</subfield>
    <subfield code="d">6867</subfield>
  </datafield>
  <datafield tag="952" ind1=" " ind2=" ">
    <subfield code="0">0</subfield>
    <subfield code="1">0</subfield>
    <subfield code="2">ddc</subfield>
    <subfield code="4">0</subfield>
    <subfield code="7">0</subfield>
    <subfield code="a">CPL</subfield>
    <subfield code="b">CPL</subfield>
    <subfield code="c">GEN</subfield>
    <subfield code="d">2018-04-15</subfield>
    <subfield code="e">Donaci&#xF3;n</subfield>
    <subfield code="l">2</subfield>
    <subfield code="o">333.75153 / B533r</subfield>
    <subfield code="p">201809792</subfield>
    <subfield code="r">2025-09-03 09:55:39</subfield>
    <subfield code="s">2025-08-28</subfield>
    <subfield code="t">Ej.1</subfield>
    <subfield code="w">2018-04-15</subfield>
    <subfield code="y">BK</subfield>
  </datafield>
</record>
